书目信息 |
| 题名: |
电视接收天线100问
|
|
| 作者: | 姚珍榕 编著 | |
| 分册: | ||
| 出版信息: | 西安 陕西科学技术出版社 1982 |
|
| 页数: | 120页 | |
| 开本: | 19cm | |
| 丛书名: | ||
| 单 册: | ||
| 中图分类: | TN948.52 | |
| 科图分类: | ||
| 主题词: | 电视天线--问答 | |
| 电子资源: | ||
| ISBN: | ||
| 000 | 00659nam0 2200229 45 | |
| 001 | 0182006587 | |
| 005 | 20051223110005.04 | |
| 010 | @dCNY0.36 | |
| 091 | @a15202.38 | |
| 100 | @a19950614d1982 em y0chiy0121 ea | |
| 101 | 0 | @achi |
| 102 | @aCN@b610000 | |
| 105 | @ay z 000yy | |
| 200 | 10 | @a电视接收天线100问@Adian shi jie shou tian xian100 wen@f姚珍榕编著@Fyao zhen rong bian zhu |
| 210 | @a西安@c陕西科学技术出版社@d1982 | |
| 215 | @a120页@d19cm | |
| 606 | @a电视天线@x问答 | |
| 690 | @aTN948.52@v3 | |
| 701 | 0 | @a姚珍榕@Ayao zhen rong@4编著 |
| 801 | 2 | @aCN@bNLC@c20051223 |
| 801 | 0 | @aCN@b上海图书馆@c20040519 |
| 905 | @f1@b217609@dTN948.52@e82 | |
| 电视接收天线100问/姚珍榕编著.-西安:陕西科学技术出版社,1982 |
| 120页;19cm |
| ISBN :CNY0.36 |
| ● |
| 相关链接 |
|
|
|
|
正题名:电视接收天线100问
索取号:TN948.52/82
 
预约/预借
| 序号 | 登录号 | 条形码 | 馆藏地/架位号 | 状态 | 备注 |
| 1 | 0217609 | 001650234 | 第三借阅区/ [索取号:TN948.52/82] | 在馆 | |
| 2 | 0220462 | 202181003 | 密集书库/ [索取号:TN948.52/82] | 在馆 |